| 000 | 00596nam a2200241Ia 4500 | ||
|---|---|---|---|
| 003 | OSt | ||
| 005 | 20221005123300.0 | ||
| 006 | a|||||r|||| 00| 0 | ||
| 007 | ta | ||
| 008 | 221004b |||||||| |||| 00| 0 tam d | ||
| 024 | _a46816 | ||
| 037 | _cTextual | ||
| 040 |
_aCRL _cCRL _btam |
||
| 041 |
_2tam _atam |
||
| 082 | _aO31,1C5:g, J8 | ||
| 100 |
_aGovindhasamy Au. _9633458 |
||
| 245 | 0 | _aKuval manam | |
| 260 | _c1958 | ||
| 650 | _a TAMIL POETRY | ||
| 650 | _aTAMIL LITERATURE | ||
| 942 |
_hO31,1C5:g, J8 _cTEXL _2cc |
||
| 999 |
_c1046921 _d1046921 |
||